000 01003nam a22003257a 4500
003 CHAP
005 20220817043008.0
008 971013s1995 r 00010 d
010 _a62181
011 _a63153
035 _a67329
040 _cCHAP
082 _a021.65
_bH6Y
100 0 0 _aHoffman, Paul.
_955794
245 _aInternet manual de bolsillo
260 _aMéxico, D. F. :
_bMcGraw-Hill,
_c1995
300 _a378 p.
490 _aSerie McGraw-Hill de informática
590 _aBATCH-UPD
_b10
_c20130110
_lUCH01
_h1303
590 _aBATCH-UPD
_b10
_c20130410
_lUCH01
_h0820
590 _aBATCH-UPD
_b10
_c20130914
_lUCH01
_h1652
590 _aCONVERSION
_b10
_c20130109
_lUCH01
_h1333
650 1 4 _aINTERNET.
650 1 4 _aRedes computarizadas.
_995378
650 1 4 _aSistemas de información.
_9106760
830 0 _aSerie McGraw-Hill de informática
_9104964
901 _aBK
942 _cLIBRO
949 _a021.65 H6Y
_bBC
_cLIBRO
_d33724000631586
_eLIBRO
_gI. c/e
_h91723
_i67329
_si
_t71.00
999 _c62181
_d62181